Dano Ltd v Earl Cadogan and others (Record no. 73097)

MARC details
000 -LEADER
fixed length control field 01293cam a2200205 4500
001 - CONTROL NUMBER
control field ABS66929
008 - FIXED-LENGTH DATA ELEMENTS--GENERAL INFORMATION
fixed length control field 030723n2003 000 0 eng u
035 ## - SYSTEM CONTROL NUMBER
System control number (Sirsi) u123094
245 ## - TITLE STATEMENT
Title Dano Ltd v Earl Cadogan and others
260 ## - PUBLICATION, DISTRIBUTION, ETC.
Date of publication, distribution, etc. 2003
520 ## - SUMMARY, ETC.
Summary, etc. [2003] EWCA Civ 782, 19 May 2003. Appeal by defendant (C) and others against HC decision ([2003] EWHC 239 (Ch), [2003] 12 EG 128 (CS)) which held that a covenant imposed in 1929 restricting the use of the property in dispute was no longer enforceable. The covenant restricted the use of the disputed site to working class housing as long as the adjoining or neighbouring property formed part of the Cadogan Settled Estate in Chelsea. The 1899 settlement remained in force until 1962 when the disputed site and adjoining property ceased to be settled land. The restrictive covenant was broken. CA upheld HC decision. Appeal dismissed. View judgment at www.bailii.org.
590 ## - LOCAL NOTE (RLIN)
Local note ABS
650 ## - SUBJECT ADDED ENTRY--TOPICAL TERM
Topical term or geographic name entry element CADOGAN ESTATE
650 ## - SUBJECT ADDED ENTRY--TOPICAL TERM
Topical term or geographic name entry element DANO LTD V EARL CADOGAN AND OTHERS
650 ## - SUBJECT ADDED ENTRY--TOPICAL TERM
Topical term or geographic name entry element RESTRICTIVE COVENANTS
650 ## - SUBJECT ADDED ENTRY--TOPICAL TERM
Topical term or geographic name entry element WORKING CLASS HOUSING
690 ## - LOCAL SUBJECT ADDED ENTRY--TOPICAL TERM (OCLC, RLIN)
Topical term or geographic name as entry element PROPERTY AND LAND LAW-CASE LAW
856 ## - ELECTRONIC LOCATION AND ACCESS
Uniform Resource Identifier <a href="https://www.bailii.org/cgi-bin/markup.cgi?doc=/ew/cases/EWCA/Civ/2003/782.htmlll">https://www.bailii.org/cgi-bin/markup.cgi?doc=/ew/cases/EWCA/Civ/2003/782.htmlll</a>
Public note View judgment at Bailii website...
942 ## - ADDED ENTRY ELEMENTS (KOHA)
Suppress in OPAC 0
Holdings
Withdrawn status Lost status Source of classification or shelving scheme Damaged status Not for loan Home library Current library Shelving location Date acquired Total Checkouts Full call number Barcode Date last seen Copy number Price effective from Koha item type
    Dewey Decimal Classification     London London Journal article 23/07/2003   ABS66929 123094-1001 06/08/2019 1 06/08/2019 Journal article